000 00435ntaaa2200181 4500
003 01
005 20251027202134.0
008 0714s1973 ag 01
040 _aAR-BaBN
_bspa
_cAR-BaBN
_eaacr
_dRIC
082 _a262.0000 L72
100 _aLittle, Sara
_919878
245 _aOur church, a fellowship
250 _a1 ed.
260 _aNew York :
_bFriendship Press,
_cc1951
300 _a64 p
500 _aEclesiologĂ­a
942 _cBK
999 _c16323
_d16323